000 00689nam a2200289Ia 4500
005 20260324133113.0
008 008 260324s9999 xx 000 0 eng d
020 _a9780203823101
037 _aEBOOK
040 _aCRL
040 _beng
040 _cCRL
041 _2eng
041 _aeng
084 _qCRL
100 _aSarfraz Khan
_919679
245 0 _aMuslim Reformist Political Thought
245 0 _bRevivalists, Modernists and Free Will
260 _bTaylor and Francis
260 _c2003
365 _a
365 _b59.99
856 _uhttp://www.taylorfrancis.com/books/9780203823101
942 _cEBOOK
999 _c1790557
_d1790557